000 01036nam a2200301 4500
001 45815
010 _a9789720730312
021 _b486976/21
090 _a45815
100 _a20220104d2021 d y0pory50030103ba
101 1 _apor
102 _aPT
200 1 _aOs desastres de Sofia
_fCondessa de Ségur
_gcriacão intelectual (apresentacão) Adriana Veleda
_gtrad. Lígia Lopes Laranjo
_gil. Weberson Santiago
205 _a1.ª ed.
210 9 _aPorto
_cPorto Editora,
_d2021
215 _a234, [3] p.
_cil.
_d21 cm
304 _aTít. orig.: Les malheurs de Sophie
327 1 _aApresenta—cão de Briant (Dois anos de férias)
675 _a087.5
_vBN
_zpor
675 _a821.133.1-93"18"
_vBN
_zpor
675 _a821.133.1-34"18"
_vBN
_zpor
700 0 _aSégur,
_f1799-1874
702 1 _aVeleda,
_bAdriana
_4450
702 1 _aLaranjo,
_bLígia Lopes
_4730
702 1 _aSantiago,
_bWeberson
_4440
801 0 _aPT
_bBN
_gRPC
856 4 1 _uhttp://rnod.bnportugal.gov.pt/ImagesBN/winlibimg.aspx?skey=&doc=2088840&img=159277&save=true
990 _cLIVROS